<?xml version="1.0" encoding="UTF-8"?>
<record
    xmlns:xsi="http://www.w3.org/2001/XMLSchema-instance"
    xsi:schemaLocation="http://www.loc.gov/MARC21/slim http://www.loc.gov/standards/marcxml/schema/MARC21slim.xsd"
    xmlns="http://www.loc.gov/MARC21/slim">

  <leader>00364nam a2200145Ia 4500</leader>
  <controlfield tag="008">191201s2004    xx            000 0 und d</controlfield>
  <datafield tag="082" ind1=" " ind2=" ">
    <subfield code="a">005.26</subfield>
    <subfield code="b">MIJ</subfield>
  </datafield>
  <datafield tag="100" ind1=" " ind2=" ">
    <subfield code="a">JON, Manish, </subfield>
  </datafield>
  <datafield tag="245" ind1=" " ind2="0">
    <subfield code="a">Microprocessor Data Handbook</subfield>
  </datafield>
  <datafield tag="250" ind1=" " ind2=" ">
    <subfield code="a">1st</subfield>
  </datafield>
  <datafield tag="260" ind1=" " ind2=" ">
    <subfield code="a">N.Delhi</subfield>
    <subfield code="b">Tata Mc Graw Hill Pubg. co. Ltd</subfield>
    <subfield code="c">2004</subfield>
  </datafield>
  <datafield tag="300" ind1=" " ind2=" ">
    <subfield code="a">844</subfield>
  </datafield>
  <datafield tag="650" ind1=" " ind2=" ">
    <subfield code="a">B.Tech(CSE)</subfield>
  </datafield>
  <datafield tag="942" ind1=" " ind2=" ">
    <subfield code="2">ddc</subfield>
    <subfield code="c">BK</subfield>
  </datafield>
  <datafield tag="999" ind1=" " ind2=" ">
    <subfield code="c">1251</subfield>
    <subfield code="d">1251</subfield>
  </datafield>
  <datafield tag="952" ind1=" " ind2=" ">
    <subfield code="0">0</subfield>
    <subfield code="1">0</subfield>
    <subfield code="2">ddc</subfield>
    <subfield code="4">0</subfield>
    <subfield code="7">0</subfield>
    <subfield code="8">GENERAL</subfield>
    <subfield code="a">PIET</subfield>
    <subfield code="b">PIET</subfield>
    <subfield code="c">R01</subfield>
    <subfield code="d">2006-08-13</subfield>
    <subfield code="e">UBS, DELHI</subfield>
    <subfield code="g">330.00</subfield>
    <subfield code="k">125377</subfield>
    <subfield code="l">0</subfield>
    <subfield code="o">005.26 MIJ</subfield>
    <subfield code="p">1867</subfield>
    <subfield code="r">2019-12-04 00:00:00</subfield>
    <subfield code="w">2005-08-18</subfield>
    <subfield code="y">BK</subfield>
    <subfield code="z">Handbook</subfield>
  </datafield>
  <datafield tag="952" ind1=" " ind2=" ">
    <subfield code="0">0</subfield>
    <subfield code="1">0</subfield>
    <subfield code="2">ddc</subfield>
    <subfield code="4">0</subfield>
    <subfield code="7">0</subfield>
    <subfield code="8">GENERAL</subfield>
    <subfield code="a">PIET</subfield>
    <subfield code="b">PIET</subfield>
    <subfield code="c">R01</subfield>
    <subfield code="d">2006-08-13</subfield>
    <subfield code="e">UBS, DELHI</subfield>
    <subfield code="g">330.00</subfield>
    <subfield code="k">125377</subfield>
    <subfield code="l">0</subfield>
    <subfield code="o">005.26 JOM</subfield>
    <subfield code="p">1868</subfield>
    <subfield code="r">2019-12-04 00:00:00</subfield>
    <subfield code="w">2005-08-18</subfield>
    <subfield code="y">BK</subfield>
    <subfield code="z">Handbook</subfield>
  </datafield>
</record>
